| 000 | 00537nam a22001697a 4500 | ||
|---|---|---|---|
| 003 | NUST | ||
| 038 | _aNusrat Nadeem | ||
| 082 | _a200 | ||
| 100 |
_aAhmad, Khalil _9126483 |
||
| 245 |
_aRadio Propagation Modeling in Vehicular Channels using Machine Learning / _cKhalil Ahmad |
||
| 264 |
_aIslamabad : _bSEECS, NUST, _c2022. |
||
| 300 | _a47 p. ; | ||
| 650 |
_aMS-Electrical Engineering _923567 |
||
| 700 |
_aSupervisor: Dr. Sajjad Hussain _996913 |
||
| 856 | _uhttp://10.250.8.41:8080/xmlui/handle/123456789/29708 | ||
| 942 |
_2ddc _cSC |
||
| 999 |
_c590918 _d590918 |
||